Introduction to chemistry /

Guardado en:
Autor Principal: Mortimer, Charles E.
Formato: Libro
Idioma:English
Publicado: New York : Van Nostrand, c1977.
Materias:
Etiquetas: Agregar Etiqueta
Sin Etiquetas, Sea el primero en etiquetar este registro!
LEADER 00896nam a2200241 a 4500
001 EIQ.libpla000018
008 770817s1977####nyua##########001#0#eng#d
005 20060327165626.0
245 1 0 |a Introduction to chemistry /  |c Charles E. Mortimer. 
260 |a New York :  |b Van Nostrand,  |c c1977. 
300 |a xv, 720 p. :  |b il. ;  |c 24 cm. 
500 |a Incluye índice. 
500 |a Incluye tabla periódica de elementos. 
500 |a La biblioteca posee además: "introduction to Chemistry : studenG ® Mortimer's". 
020 |a 0442255691 
100 1 |a Mortimer, Charles E. 
700 1 |a Lee, Michaeleen P.  |t Introduction to Chemistry : Student Self-Study Guide Mortimer's.  |4 asn 
082 0 0 |a 540 
650 4 |a Chemistry  |x Introduction. 
650 0 |a Química  |x Introducción. 
010 |a  76058670  
040 |a DLC  |c DLC  |d AR-BbSID 
859 |a AR-BbSID  |b BIB. PLAPIQUI  |h 540  |i Morti 844  |p 5786